Online
Catalog

Resoluciones de la jurisdicción inmobiliaria / (Record no. 46120)

MARC details
000 -CABECERA
campo de control de longitud fija 01191nam a2200217 a 4500
001 - NÚMERO DE CONTROL
campo de control 000046631
005 - FECHA Y HORA DE LA ÚLTIMA TRANSACCIÓN
campo de control 20201002053020.0
008 - DATOS DE LONGITUD FIJA--INFORMACIÓN GENERAL
campo de control de longitud fija 180314s2017 dr a 000 0 spa d
020 ## - NÚMERO INTERNACIONAL ESTÁNDAR DEL LIBRO
Número Internacional Estándar del Libro 9789945606102
040 ## - FUENTE DE LA CATALOGACIÓN
Centro catalogador/agencia de origen DO-SdBNP
Lengua de catalogación spa
Centro/agencia transcriptor BNPHU
082 ## - NÚMERO DE LA CLASIFICACIÓN DECIMAL DEWEY
Número de clasificación xxxx
Número de documento/Ítem R426r
110 1# - ENTRADA PRINCIPAL--NOMBRE DE ENTIDAD CORPORATIVA
Nombre de entidad corporativa o nombre de jurisdicción como elemento de entrada República Dominicana.
9 (RLIN) 447
240 13 - TÍTULO UNIFORME
Título uniforme [Leyes, etc.]
245 10 - MENCIÓN DE TÍTULO
Título Resoluciones de la jurisdicción inmobiliaria /
Mención de responsabilidad, etc. compilación Sergio A. Ortiz V.
260 ## - PUBLICACIÓN, DISTRIBUCIÓN, ETC.
Lugar de publicación, distribución, etc. Santo Domingo :
Nombre del editor, distribuidor, etc. Editora Dalis,
Fecha de publicación, distribución, etc. 2017.
300 ## - DESCRIPCIÓN FÍSICA
Extensión 56 p. :
Otras características físicas il. ;
Dimensiones 22 cm.
500 ## - NOTA GENERAL
Nota general Incluye referencias bibliográficas y notas al pie de las páginas.
505 0# - NOTA DE CONTENIDO CON FORMATO
Nota de contenido con formato Resolución No. 3642-2016: Reglamento de Desjudicialización de Deslinde y Procedimientos Diversos.
Título Resolución No. 3643-2016: Reglamento para la Solicitud de Autorización de Mensura para Saneamiento.
-- Resolución No. 3644-2016: Reglamento para el uso de Coordenadas de la Red de Estaciones Permanentes y Levantamientos Parcelarios.
-- Resolución No. 3645-2016: Reglamento Sobre Soluciones de Mensuras Superpuestas.
-- Procedentes constitucionales sobre registro de títulos.
590 ## - NOTA LOCAL (RLIN)
Nota local Inventariado, 2018 /LP
700 1# - PUNTO DE ACCESO ADICIONAL--NOMBRE DE PERSONA
Nombre de persona Ortiz V., Sergio A.,
Término indicativo de función/relación compilación
9 (RLIN) 73038
Holdings
Estado de retiro Estado de pérdida Restricciones de uso No para préstamo Código de colección Localización permanente Ubicación/localización actual Ubicación en estantería Fecha de adquisición Número de inventario Total de préstamos Signatura topográfica completa Código de barras Fecha visto por última vez Número de copia Precio válido a partir de Tipo de ítem Koha
        Dominicana de Servicio General General En catalogación 14.03.2018 LF1   xxxx R426r 46631-30 25.06.2020 e. 3 25.06.2020 Libro y Folleto Colección Dominicana de Servicio
      Excluido de préstamo Patrimonio Dominicano Patrimonio Dominicano Patrimonio Dominicano En catalogación 14.03.2018 LF1   xxxx R426r 46631-10 25.06.2020   25.06.2020 Libro y Folleto Colección Patrimonio Dominicano
      Excluido de préstamo Patrimonio Dominicano Patrimonio Dominicano Patrimonio Dominicano En catalogación 14.03.2018 LF1   xxxx R426r 46631-20 25.06.2020 e. 2 25.06.2020 Libro y Folleto Colección Patrimonio Dominicano

Powered by Koha